000 00621nam a2200145 a 4500
008 081202s1986 ||||||||||||||||| || u
050 _aGOV.ZAM(058)NCDP/1983
110 _aGovernment of the Republic of Zambia (GRZ)
245 1 0 _aNational Commission for Development Planning annual report 1983
_cOffice of the President
260 _aLusaka
_bGovernment Printer
_c1986
300 _a12p.
350 _a0.00
650 _aDEVELOPMENT--ANNUAL REPORTS--ZAMBIA
995 _D0.00
_FCBU-MAIN LIBRARY (Kitwe)
_H1
_I0.00
_M1
_UAVAILABLE
_WDec 2, 2008
_ZZambiana Collection
999 _c51924
_d51924